| 000 | 00598nam a2200205Ia 4500 | ||
|---|---|---|---|
| 001 | 9420 | ||
| 003 | GE_BSU | ||
| 008 | 181216s||||||||xx |||||||||||||| ||und|| | ||
| 040 | _cGE_BSU | ||
| 080 | _a821.353.1–32 | ||
| 100 | _aმიშველაძე,რევაზ | ||
| 245 | _aნოველები | ||
| 245 | _cრედ.მ.არაბული,მხატვ.ო.ჯიშკარიანი | ||
| 260 | _aთბილისი | ||
| 260 | _bნაკადული | ||
| 260 | _c1972 | ||
| 300 | _a235გვ.20სმ. | ||
| 653 | _aნოველები | ||
| 942 | _cBK | ||
| 999 |
_c42714 _d42714 |
||